Score 0/19 Timer 15:00
0 Plays Today
Answer % Correct
Ellie Miller
89.5%
Joe Miller
84.7%
Mark Latimer
81.3%
Beth Latimer
80%
Tom Miller
75.8%
Chloe Latimer
72.4%
Daniel Latimer
53.7%
DI Alec Hardy
41.1%
Susan Wright
37.6%
Fred Miller
37.1%
Answer % Correct
Paul Coates
37.1%
Becca Fisher
35.3%
Nigel Carter
35%
Olly Stevens
26.1%
Jack Marshall
22.9%
Maggie Radcliffe
19.5%
Liz Roper
10.3%
Steve Connelly
5.8%
Elaine Jenkinson
4.2%
Remove Ads.
Support Sporcle.
Get the best of Sporcle when you Go Orange. This ad-free experience offers more features, more stats, and more fun while also helping to support Sporcle. Thank you for becoming a member.

You're not logged in!

Compare scores with friends on all Sporcle quizzes.
OR
Log In

Show Comments

Extras

Created Jan 13, 2015ReportNominate
Tags:Character

Top Quizzes Today


Score Distribution

Your Account Isn't Verified!

In order to create a playlist on Sporcle, you need to verify the email address you used during registration. Go to your Sporcle Settings to finish the process.

Report this User

Report this user for behavior that violates our Community Guidelines.

Details: